Auto-Quartett - Statistiken

Allgemein
  • Dieses Quiz wurde 56 mal gespielt
  • Das Durchschnittsergebnis liegt bei 20 aus 32
Antwortstatistiken
Frage Kachel Select % Korrekt
Höchstgeschwindigkeit (in km/h) Nein
91%
Hubraum Nein
84%
Hubraum Nein
84%
Leistung (in PS) Nein
84%
Beschleunigung (0-100 km/h in Sek.) Nein
84%
Verbrauch (L/100 km) Nein
84%
Verbrauch (L/100 km) Nein
84%
Höchstgeschwindigkeit (in km/h) Nein
80%
Gewicht (am leichtesten im Vergleich zur Leistung) Nein
80%
Zylinderzahl Nein
80%
Preis (in €) Nein
80%
Zylinderzahl Nein
73%
Leistung (in PS) Nein
71%
Leistung (in PS) Nein
71%
Preis (in €) Nein
71%
Gewicht (am leichtesten im Vergleich zur Leistung) Nein
67%
Verbrauch (L/100 km) Nein
67%
Hubraum Nein
64%
Preis (in €) Nein
64%
Verbrauch (L/100 km) Ja
56%
Zylinderzahl Nein
56%
Beschleunigung (0-100 km/h in Sek.) Nein
53%
Beschleunigung (0-100 km/h in Sek.) Nein
53%
Hubraum Ja
47%
Leistung (in PS) Ja
47%
Gewicht (am leichtesten im Vergleich zur Leistung) Nein
42%
Preis (in €) Ja
40%
Höchstgeschwindigkeit (in km/h) Nein
31%
Zylinderzahl Ja
29%
Höchstgeschwindigkeit (in km/h) Ja
18%
Gewicht (am leichtesten im Vergleich zur Leistung) Ja
16%
Beschleunigung (0-100 km/h in Sek.) Ja
7%
Keine übereinstimmenden Quizze gefunden
Verteilung der Resultate
Anzahl Personen mit jedem Resultat
Perzentil nach korrekt beantworteten Fragen
Ihre Resultats-Entwicklung
Sie haben dieses Quiz noch nicht gespielt